LEADER 01080nam a2200241 i 4500 001 000000150840 003 CaOOAMICUS 005 20060613000000.0 008 060613s1998 it u000 u ita u 013 $a128178 040 $aSeMil$bita 245 13$aIl Santuario di Campoè in Caglio :$buna storia scritta nella vita di una comunità. 260 $aLecco :$bGrafica Colombo,$cStampa 1998. 260 $a[S.l. :$bs.n.],$cStampa 1998. 300 $a79 p. :$bin gran parte ill. ;$c22 cm. 500 $aIn cofanetto con : Santuario della Madonna di Campoè. 650 4$aCaglio - Santuario della Madonna di Campoè.$0(OLS)http://semarc/subject/29489 850 $aSeMil 852 $aSeMil$W1$xVenegono$y1$m3P II 36$j102903$B102903$CSeMilBibl$Z2$F112299 $81 961 $aOmaggio: Monti don Eros 996 $6245$aIl Santuario di Campoè in Caglio :$buna storia scritta nella vita di una comunità$9(OLS)http://semarc/title/220477 996 $6260$a[S.l. :$bs.n.]$9(OLS)http://semarc/publisher/29751 996 $6260$aLecco :$bGrafica Colombo$9(OLS)http://semarc/publisher/47950 LEADER 01024nam a2200205 4500 001 000000364409 003 CaOOAMICUS 005 20250923152347.0 008 250919s1905 it 000 u ita r 040 $aSeMil$bita 100 1 $aMarigliano, Luigi .$0(OLS)http://semarc/name/68686 245 10$aA proposito delle dottrine consolanti di monsignor Geremia Bonomelli :$bconversazioni fra un parroco e una nuova convertita /$cLuigi Marigliano. 264 1$aNapoli :$bFrancesco Giannini & Figli,$c1905. 300 $a135 p. ;$c23 cm 600 14$aBonomelli, Geremia .$0(OLS)http://semarc/subject/8155 850 $aSeMil 852 $aSeMil$W1$xVenegono$y1$m3F III 903$j262097$B255318$CSeMilBibl$Z2$F255318 $81 996 $6245$aA proposito delle dottrine consolanti di monsignor Geremia Bonomelli :$bconversazioni fra un parroco e una nuova convertita$9(OLS)http://semarc/title/455777 996 $6264$aNapoli :$bFrancesco Giannini & Figli$9(OLS)http://semarc/publisher/31285